Music Quiz

Random Music or Lyrics Quiz

Sabaton - Seven Pillars of Wisdom Lyrics Quiz Stats

 Plays Quiz not verified by Sporcle

Support Sporcle.
Go Orange.
Score 0/261 Timer 10:00
0 Plays Today
Answer % Correct
a
99.1%
a
99.1%
of
99.1%
of
99.1%
A
99.1%
of
99.1%
A
99.1%
of
99.1%
of
99.1%
of
99.1%
a
99.1%
of
99.1%
of
99.1%
of
99.1%
of
99.1%
the
98.7%
the
98.7%
the
98.7%
the
98.7%
the
98.7%
The
98.7%
the
98.7%
the
98.7%
the
98.7%
the
98.7%
the
98.7%
the
98.7%
the
98.7%
the
98.7%
the
98.7%
the
98.7%
the
98.7%
the
98.7%
the
98.7%
The
98.7%
The
98.7%
the
98.7%
the
98.7%
the
98.7%
the
98.7%
the
98.7%
the
98.7%
the
98.7%
the
98.7%
pillars
96.9%
wisdom
96.9%
pillars
96.9%
wisdom
96.9%
pillars
96.9%
wisdom
96.9%
pillars
96.9%
wisdom
96.9%
pillars
96.9%
wisdom
96.9%
Seven
95.2%
Seven
94.7%
Seven
94.7%
Seven
94.7%
Arabia
93.4%
Arabia
93.4%
Arabia
93.4%
Arabia
93.4%
Arabia
93.4%
and
93%
and
93%
and
93%
and
93%
and
93%
man
92.5%
man
92.5%
man
92.5%
man
92.5%
man
92.5%
calls
92.1%
calls
92.1%
calls
92.1%
calls
92.1%
calls
92.1%
to
91.6%
to
91.6%
to
91.6%
to
91.6%
to
91.6%
to
91.6%
to
91.6%
to
91.6%
to
91.6%
Answer % Correct
darkness
90.7%
falls
90.7%
battle
90.7%
darkness
90.7%
falls
90.7%
battle
90.7%
darkness
90.7%
falls
90.7%
battle
90.7%
darkness
90.7%
falls
90.7%
battle
90.7%
As
90.3%
as
90.3%
on
90.3%
on
90.3%
As
90.3%
as
90.3%
on
90.3%
As
90.3%
as
90.3%
on
90.3%
As
90.3%
as
90.3%
on
90.3%
flame
89.4%
flame
89.4%
flame
89.4%
flame
89.4%
In
88.1%
In
88.1%
his
88.1%
his
88.1%
his
88.1%
his
88.1%
from
87.2%
begins
87.2%
lights
87.2%
begins
87.2%
lights
87.2%
from
87.2%
begins
87.2%
lights
87.2%
begins
87.2%
lights
87.2%
wings
85.9%
wings
85.9%
wings
85.9%
wings
85.9%
has
85.5%
has
85.5%
Lawrence
85.5%
Lawrence
85.5%
has
85.5%
Lawrence
85.5%
Lawrence
85.5%
mission
85%
with
84.6%
Far
83.3%
home
83.3%
home
83.3%
name
82.4%
name
82.4%
name
82.4%
name
82.4%
sun
81.9%
spreads
81.5%
spreads
81.5%
spreads
81.5%
spreads
81.5%
battlefield
81.1%
One
81.1%
One
81.1%
One
81.1%
One
81.1%
can
79.7%
can
79.7%
Lead
78.9%
Lead
78.9%
heat
78.4%
charge
78.4%
Sabotage
78.4%
claim
78.4%
charge
78.4%
Sabotage
78.4%
claim
78.4%
Who
78.4%
Answer % Correct
tell?
78.4%
Who
78.4%
Who
78.4%
Who
78.4%
tell
78.4%
claim
78.4%
claim
78.4%
entered
77.5%
land
77.5%
land
77.5%
land
77.5%
land
77.5%
This
75.8%
begun
75.8%
gain
75.3%
raid
75.3%
gain?
75.3%
dying?
75.3%
did
74.9%
tradition
74.4%
journey
74.4%
heart
73.1%
only
73.1%
glistening
72.7%
is
72.7%
lose?
72.7%
ancient
72.2%
calling
72.2%
man's
71.8%
or
71.4%
or
71.4%
war
70.9%
unfold
69.6%
about
69.2%
been
68.7%
treason?
68.7%
raider
68.3%
May
67.8%
May
67.8%
won
67.8%
May
67.8%
May
67.8%
stood
67%
stood
67%
Ottoman
66.5%
Damascus
66.1%
sands
66.1%
lay
65.2%
lay
65.2%
deception
65.2%
lay
65.2%
lay
65.2%
game
64.8%
independence
64.8%
rail
64.3%
Side
63.9%
by
63.9%
side
63.9%
After
63.9%
their
63%
their
63%
dust
63%
within
62.6%
bridges
59.5%
Medina
59%
trail
57.7%
acceptance
55.9%
Betrayal
55.5%
past
55.5%
revolt
55.1%
seek
54.2%
new
54.2%
Hide
53.7%
Joined
53.7%
compelled?
53.7%
life
53.3%
awaits
53.3%
ranks
52.4%
trust
52.4%
Demolish
52%
whispers
50.7%
hunters
44.5%
hot
44.1%
obtained
43.2%
where
43.2%
Back
40.1%
Tafilah
36.1%

You're not logged in!

Compare scores with friends on all Sporcle quizzes.
OR
Log In

From the Vault

Super Bowl Smallest Margin Wins

by Viktrodriguez

Sometimes the losing team comes *this* close.
Remove Ads.
Support Sporcle.
Get the best of Sporcle when you Go Orange. This ad-free experience offers more features, more stats, and more fun while also helping to support Sporcle. Thank you for becoming a member.

Show Comments

Extras

Created Feb 24, 2020ReportNominate
Tags:Lyrics Quiz, Sabaton

Top Quizzes Today


Score Distribution

Your Account Isn't Verified!

In order to create a playlist on Sporcle, you need to verify the email address you used during registration. Go to your Sporcle Settings to finish the process.

Report this User

Report this user for behavior that violates our Community Guidelines.

Details: